RICS construction market survey (Record no. 82610)

MARC details
000 -LEADER
fixed length control field 00921cad a22002175a 4500
001 - CONTROL NUMBER
control field L150696
008 - FIXED-LENGTH DATA ELEMENTS--GENERAL INFORMATION
fixed length control field 100819e2010 xxk 000 0 eng d
035 ## - SYSTEM CONTROL NUMBER
System control number (Sirsi) u150696
041 0# - LANGUAGE CODE
Language code of text/sound track or separate title eng
050 ## - LIBRARY OF CONGRESS CALL NUMBER
Classification number 338.47624 $2 18
110 2# - MAIN ENTRY--CORPORATE NAME
Corporate name or jurisdiction name as entry element Royal Institution of Chartered Surveyors
Subordinate unit Economics
9 (RLIN) 5033
245 00 - TITLE STATEMENT
Title RICS construction market survey
Remainder of title United Kingdom
-- second quarter 2010
Medium [electronic resource]
260 ## - PUBLICATION, DISTRIBUTION, ETC.
Place of publication, distribution, etc. London
Name of publisher, distributor, etc. RICS
Date of publication, distribution, etc. 2010
490 ## - SERIES STATEMENT
Series statement RICS Construction Market Survey
-- United Kingdom
Volume/sequential designation second quarter 2010
520 ## - SUMMARY, ETC.
Summary, etc. National results, regional results charts and chartered surveyor market comments; construction outlook deteriorates.
590 ## - LOCAL NOTE (RLIN)
Local note KA NTK
651 #4 - SUBJECT ADDED ENTRY--GEOGRAPHIC NAME
Geographic name United Kingdom
Chronological subdivision
690 ## - LOCAL SUBJECT ADDED ENTRY--TOPICAL TERM (OCLC, RLIN)
Topical term or geographic name as entry element BUILT ENVIRONMENT-CONSTRUCTION MARKET
856 48 - ELECTRONIC LOCATION AND ACCESS
Uniform Resource Identifier <a href="https://www.rics.org/site/scripts/download_info.aspx?downloadID=5669&fileID=7232">https://www.rics.org/site/scripts/download_info.aspx?downloadID=5669&fileID=7232</a>
Public note View the website free of charge at www.rics.org
942 ## - ADDED ENTRY ELEMENTS (KOHA)
Suppress in OPAC 0
Holdings
Withdrawn status Lost status Source of classification or shelving scheme Damaged status Not for loan Home library Current library Shelving location Date acquired Total Checkouts Full call number Barcode Date last seen Copy number Price effective from Koha item type
    Dewey Decimal Classification     Virtual Virtual Online 19/08/2010   ONLINE PUBLICATION 150696-2001 06/08/2019 1 06/08/2019 Book